000 00523nam a2200157 a 4500
005 20140412111220.0
008 000904s19uu xx 00 eng d
020 _a1-85737-051-1
050 _aREF 507
_bIl6 1991
245 _aThe Illustrated dictionary of :
_bearth sciences /
_cContributors: Martin Walters; Felicity Trotman.
260 _aWiltshire, UK :
_bMerlion Publishing LTd.,
_c1991.
300 _a160 p. ; ill.
440 _aThe Illustrated Dictionary
650 _aEarth sciences
_xDictionaries
999 _c101908
_d101908